|
|
|
|
| LEADER |
00000nam0a2200000 4500 |
| 001 |
26408 |
| 005 |
20231030201604.0 |
| 010 |
|
|
|a 5247028201
|
| 035 |
|
|
|a (RuTPU)RU\TPU\book\26651
|
| 035 |
|
|
|a BOOK00026726
|
| 090 |
|
|
|a 26408
|
| 100 |
|
|
|a 20011209d1993 k y0rusy50 ca
|
| 101 |
0 |
|
|a rus
|
| 102 |
|
|
|a RU
|
| 105 |
|
|
|a y z 000zy
|
| 200 |
1 |
|
|a Экономика повышения качества доменного сырья
|f В. С. Плевако, И. М. Сальников, В. А. Емельянов
|
| 210 |
|
|
|a Москва
|c Недра
|d 1993
|
| 215 |
|
|
|a 142 с.
|
| 610 |
1 |
|
|a металлургия
|
| 610 |
1 |
|
|a доменное производство
|
| 610 |
1 |
|
|a сырье
|
| 610 |
1 |
|
|a качество
|
| 610 |
1 |
|
|a экономика
|
| 610 |
1 |
|
|a технико-экономический анализ
|
| 675 |
|
|
|a 669.162
|v 3
|
| 700 |
|
1 |
|a Плевако
|b В. С.
|g Виктор Семенович
|
| 701 |
|
1 |
|a Сальников
|b И. М.
|g Игорь Михайлович
|
| 701 |
|
1 |
|a Емельянов
|b В. А.
|g Владимир Анатольевич
|
| 801 |
|
0 |
|a RU
|b 63413507
|c 20011209
|g PSBO
|
| 801 |
|
2 |
|a RU
|b 63413507
|c 20051014
|g PSBO
|
| 942 |
|
|
|c BK
|